| 000 | 00902nam a2200253Ia 4500 | ||
|---|---|---|---|
| 003 | OSt | ||
| 005 | 20221005112448.0 | ||
| 006 | a|||||r|||| 00| 0 | ||
| 007 | ta | ||
| 008 | 221004b |||||||| |||| 00| 0 pan d | ||
| 020 |
_a9789350689325 (hbk) _c175 |
||
| 024 | _a23406 | ||
| 037 |
_b928, 27/03/2015, H.K. Prakashan _cTextual |
||
| 040 |
_aCRL _cCRL _bpan |
||
| 041 |
_2pan _apan |
||
| 082 | _aO153,6NBA1x, Q4 | ||
| 100 | _aਬੱਲ, ਗਿਆਨ ਸਿੰਘ | ||
| 245 | 0 |
_aਹਾFੀਆਗਤ ਲੋਕ _b ਦ੍ਰਿF ਤੇ ਦ੍ਰਿFਟੀ |
|
| 260 |
_aਚੰਡੀਗੜ _bਲੋਕਗੀਤ ਪ੍ਰਕਾFਨ ਭਾਰਤ _c2014 |
||
| 300 |
_a147ਪ੍ਰ0 _ccm. |
||
| 650 | _aਪੰਜਾਬੀ ਸਾਹਿਤ | ||
| 942 |
_hO153,6NBA1x, Q4 _cTEXL _2cc |
||
| 999 |
_c1024966 _d1024966 |
||